MLB Teams in Spanish Quiz Stats

 Plays Quiz Updated Jun 7, 2019

Score 0/30 Timer 05:00
5 Plays Today
% Correct
Angels
93.8%
Astros
92.4%
Dodgers
92.1%
Braves
92%
Athletics
92%
Mets
91.9%
Tigers
91.8%
Pirates
91.8%
Giants
91.8%
Marlins
91.8%
Rockies
91.8%
Orioles
91.7%
Cardinals
91.7%
Indians
91.7%
Nationals
91.6%
% Correct
Mariners
91.6%
Padres
91.4%
Yankees
91.3%
Rays
89.5%
White Sox
89.1%
Red Sox
87.9%
Reds
87.8%
Phillies
87.2%
Royals
84.8%
Blue Jays
79.6%
Rangers
74.5%
Brewers
69.5%
Twins
59.9%
Cubs
59.4%
Diamondbacks
51.4%

You're not logged in!

Compare scores with friends on all Sporcle quizzes.
OR
Log In

Sporcle TV

Today on Sporcle TV


Watch our educational content, quiz creation guides, and fun videos on Sporcle TV.

Show Comments

Extras

Top Quizzes Today


Score Distribution

Your Account Isn't Verified!

In order to create a playlist on Sporcle, you need to verify the email address you used during registration. Go to your Sporcle Settings to finish the process.

Report this User

Report this user for behavior that violates our Community Guidelines.

Details: